Restless spirit : (Record no. 3339)

MARC details
000 -LEADER
fixed length control field 01297pam a2200361 a 4500
001 - CONTROL NUMBER
control field 3339
003 - CONTROL NUMBER IDENTIFIER
control field FISKH
005 - DATE AND TIME OF LATEST TRANSACTION
control field 20240228153432.0
008 - FIXED-LENGTH DATA ELEMENTS--GENERAL INFORMATION
fixed length control field 980203s1998 nyua c b 001 0beng
010 ## - LIBRARY OF CONGRESS CONTROL NUMBER
LC control number 98009807
020 ## - INTERNATIONAL STANDARD BOOK NUMBER
International Standard Book Number 067087888X
040 ## - CATALOGING SOURCE
Original cataloging agency DLC
Transcribing agency DLC
Modifying agency DLC
Language of cataloging eng
042 ## - AUTHENTICATION CODE
Authentication code lcac
043 ## - GEOGRAPHIC AREA CODE
Geographic area code n-us---
050 00 - LIBRARY OF CONGRESS CALL NUMBER
Classification number TR140.L3
Item number P37 1998
082 00 - DEWEY DECIMAL CLASSIFICATION NUMBER
Classification number 770/.92
-- B
Edition number 21
100 1# - MAIN ENTRY--PERSONAL NAME
Personal name Partridge, Elizabeth.
245 10 - TITLE STATEMENT
Title Restless spirit :
Remainder of title the life and work of Dorothea Lange /
Statement of responsibility, etc. by Elizabeth Partridge.
250 ## - EDITION STATEMENT
Edition statement First Scholastic printing, February 2002
260 ## - PUBLICATION, DISTRIBUTION, ETC.
Place of publication, distribution, etc. New York :
Name of publisher, distributor, etc. Scholastic,
Date of publication, distribution, etc. 1998
300 ## - PHYSICAL DESCRIPTION
Extent 122 pages :
Other physical details illustrations ;
Dimensions 27 cm
504 ## - BIBLIOGRAPHY, ETC. NOTE
Bibliography, etc. note Includes bibliographical references (p. 118-119) and index.
520 ## - SUMMARY, ETC.
Summary, etc. A biography of Dorothea Lange, whose photographs of migrant workers, Japanese American internees, and rural poverty helped bring about important social reforms.
600 10 - SUBJECT ADDED ENTRY--PERSONAL NAME
Personal name Lange, Dorothea
General subdivision Juvenile literature.
600 11 - SUBJECT ADDED ENTRY--PERSONAL NAME
Personal name Lange, Dorothea.
650 #0 - SUBJECT ADDED ENTRY--TOPICAL TERM
Topical term or geographic name entry element Women photographers
Geographic subdivision United States
General subdivision Biography
-- Juvenile literature.
650 #1 - SUBJECT ADDED ENTRY--TOPICAL TERM
Topical term or geographic name entry element Women photographers.
650 #1 - SUBJECT ADDED ENTRY--TOPICAL TERM
Topical term or geographic name entry element Photographers.
650 #1 - SUBJECT ADDED ENTRY--TOPICAL TERM
Topical term or geographic name entry element Women
General subdivision Biography.
906 ## - LOCAL DATA ELEMENT F, LDF (RLIN)
a 7
b cbc
c orignew
d 1
e ocip
f 19
g y-gencatlg
942 ## - ADDED ENTRY ELEMENTS (KOHA)
Source of classification or shelving scheme Dewey Decimal Classification
Koha item type Books
Suppress in OPAC No
Holdings
Withdrawn status Lost status Source of classification or shelving scheme Damaged status Not for loan Collection Home library Current library Shelving location Date acquired Total Checkouts Full call number Barcode Date last seen Price effective from Koha item type
    Dewey Decimal Classification     Non-Fiction Footprints International School Library Network Toul Kork Campus Footprints International School Library Network Toul Kork Campus   02/28/2024   PAR 770.92 770.92 FISSE01351 02/28/2024 02/28/2024 Books